[Event "Florianopolis op 9th"]
[Site "Florianopolis"]
[Date "2023.01.29"]
[Round "10"]
[White "Lahoz, Cassiano Ricardo Ne"]
[Black "Monteiro, Helen Ramazzotte"]
[Result "1/2-1/2"]
[WhiteElo "1724"]
[BlackElo "1412"]
[PlyCount "91"]
[EventDate "2023.01.23"]
[EventType "swiss"]
[EventRounds "10"]
[EventCountry "BRA"]
[SourceTitle "CBM 212 Extra"]
[Source "ChessBase"]
[SourceDate "2023.03.31"]
[SourceVersion "1"]
[SourceVersionDate "2023.03.31"]
[SourceQuality "1"]

1. e4 e6 2. d3 d5 3. Nd2 c5 4. Ngf3 Nc6 5. g3 Nf6 6. Bg2 Be7 7. 0-0 0-0 8. c3 Rb8 9. Re1 b5 10. e5 Nd7 11. d4 cxd4 12. cxd4 Qb6 13. Nf1 Bb7 14. Be3 Rbc8 15. Rc1 a5 16. g4 f6 17. h4 fxe5 18. dxe5 Qd8 19. g5 Ncxe5 20. Nxe5 Nxe5 21. f4 Nc4 22. Qg4 Nxe3 23. Qxe6+ Kh8 24. Qxe3 Bd6 25. Rxc8 Qxc8 26. Qe6 Qxe6 27. Rxe6 Bxf4 28. Rb6 Rb8 29. Rxb5 Bc7 30. Bxd5 Bxd5 31. Rxd5 Rxb2 32. Rd2 Rxd2 33. Nxd2 g6 34. Kg2 Kg7 35. Kf3 Kf7 36. Kg4 Kg7 37. Ne4 Be5 38. Nc5 Kf7 39. Nd3 Ke6 40. h5 gxh5+ 41. Kxh5 Kf5 42. Kh6 Bf4 43. Kxh7 Bxg5 44. a4 Ke4 45. Nc5+ Kd5 46. Nb7 1/2-1/2

[Event "Sao Bento do Sul op 05"]
[Site "Sao Bento do Sul"]
[Date "2019.05.19"]
[Round "6"]
[White "Sarda, Pedro Sada"]
[Black "Lahoz, Cassiano Ricardo Ne"]
[Result "0-1"]
[WhiteElo "1474"]
[BlackElo "1733"]
[PlyCount "126"]
[EventDate "2019.05.17"]
[EventType "swiss"]
[EventRounds "7"]
[EventCountry "BRA"]
[SourceTitle "CBM 195 Extra"]
[Source "ChessBase"]
[SourceDate "2020.05.31"]
[SourceVersion "1"]
[SourceVersionDate "2020.05.31"]
[SourceQuality "1"]

1. d4 d5 2. c4 e6 3. e3 Nf6 4. Nf3 Be7 5. Nc3 c6 6. Bd3 0-0 7. 0-0 Nbd7 8. b3 Re8 9. Bb2 Bf8 10. e4 dxe4 11. Nxe4 Nxe4 12. Bxe4 Nf6 13. Bc2 g6 14. Qe2 Bg7 15. Rad1 Qc7 16. Rfe1 b6 17. Ng5 Bb7 18. Ne4 Nxe4 19. Bxe4 Rad8 20. Rd2 Rd7 21. Red1 Red8 22. Bf3 c5 23. Bxb7 Qxb7 24. h3 cxd4 25. Rd3 e5 26. Bc1 e4 27. R3d2 d3 28. Qe3 f5 29. Bb2 Bxb2 30. Rxb2 Qc7 31. g3 Qe5 32. Rbd2 Qd4 33. Qf4 Qf6 34. h4 Kg7 35. Re1 h6 36. Qe3 Re7 37. c5 bxc5 38. Rc1 g5 39. hxg5 Qxg5 40. Qxc5 Rde8 41. Qd4+ Qf6 42. Qd5 Qe5 43. Qxe5+ Rxe5 44. b4 Kf6 45. a4 R8e7 46. b5 Rd7 47. Rc6+ Re6 48. Rc8 Ke5 49. Kf1 Kd4 50. Ke1 e3 51. fxe3+ Rxe3+ 52. Kf2 Rde7 53. Rcc2 Rg7 54. Kg2 Rexg3+ 55. Kh2 Ke3 56. Rb2 f4 57. a5 R7g5 58. Kh1 Rh3+ 59. Rh2 Rxh2+ 60. Kxh2 d2 61. b6 d1Q 62. Rg2 Rxg2+ 63. Kxg2 Qg4+ 0-1

[Event "Sao Bento do Sul op 05"]
[Site "Sao Bento do Sul"]
[Date "2019.05.18"]
[Round "4"]
[White "Lahoz, Cassiano Ricardo Ne"]
[Black "Mariani, Daniel Brandao"]
[Result "1/2-1/2"]
[WhiteElo "1733"]
[BlackElo "2024"]
[PlyCount "96"]
[EventDate "2019.05.17"]
[EventType "swiss"]
[EventRounds "7"]
[EventCountry "BRA"]
[SourceTitle "CBM 195 Extra"]
[Source "ChessBase"]
[SourceDate "2020.05.31"]
[SourceVersion "1"]
[SourceVersionDate "2020.05.31"]
[SourceQuality "1"]

1. e4 e6 2. d3 d5 3. Nd2 Nf6 4. g3 Be7 5. Bg2 0-0 6. Ngf3 c5 7. 0-0 Nc6 8. Re1 b5 9. e5 Nd7 10. c3 a5 11. d4 b4 12. Nf1 Ba6 13. Bf4 Qb6 14. h4 a4 15. N1h2 a3 16. Rb1 axb2 17. Rxb2 Bc4 18. Qd2 Rfb8 19. dxc5 Nxc5 20. Be3 bxc3 21. Rxb6 cxd2 22. Rxb8+ Rxb8 23. Nxd2 Nd3 24. Ra1 Ncxe5 25. f4 Nd7 26. Nxc4 dxc4 27. Bd4 Bc5 28. Nf3 Kf8 29. Bf1 Bxd4+ 30. Nxd4 N7c5 31. a4 c3 32. a5 Nb4 33. a6 c2 34. a7 Ra8 35. Bg2 Rxa7 36. Nxc2 Rxa1+ 37. Nxa1 Ke7 38. Kf2 Kd6 39. Ke3 e5 40. fxe5+ Kxe5 41. Bf3 h6 42. Bg2 f6 43. Bf3 Ne6 44. Nb3 Nc2+ 45. Kf2 Ncd4 46. Nd2 Nxf3 47. Nxf3+ Kf5 48. Kg2 h5 1/2-1/2

[Event "Caioba Telecom op"]
[Site "Caioba"]
[Date "2018.08.05"]
[Round "9"]
[White "Okamura, Milton Kasuo"]
[Black "Lahoz, Cassiano Ricardo Ne"]
[Result "1-0"]
[WhiteElo "2067"]
[BlackElo "1757"]
[PlyCount "61"]
[EventDate "2018.08.01"]
[EventType "swiss"]
[EventRounds "9"]
[EventCountry "BRA"]
[SourceTitle "CBM 186 Extra"]
[Source "ChessBase"]
[SourceDate "2018.08.24"]
[SourceVersion "1"]
[SourceVersionDate "2018.08.24"]
[SourceQuality "1"]

1. d4 d5 2. c4 e6 3. Nc3 Nf6 4. cxd5 exd5 5. Bg5 Be7 6. e3 c6 7. Bd3 Nbd7 8. Nge2 Nf8 9. 0-0 Ne6 10. Bh4 0-0 11. Qc2 g6 12. a3 Nh5 13. Bxe7 Qxe7 14. b4 a6 15. Rab1 Bd7 16. Na4 b5 17. Nb6 Rab8 18. Nxd7 Qxd7 19. Rfc1 Rfc8 20. a4 Nf6 21. h4 Ng7 22. g3 Ngh5 23. Kg2 Qe6 24. Ng1 Ne4 25. Nf3 f6 26. Ra1 Nd6 27. axb5 axb5 28. Ra7 Ng7 29. h5 Nc4 30. Bxg6 f5 31. Bf7+ 1-0

[Event "Curitiba op"]
[Site "Curitiba"]
[Date "2018.02.23"]
[Round "2"]
[White "Lahoz, Cassiano Ricardo Ne"]
[Black "Chemin, Vitorio"]
[Result "0-1"]
[WhiteElo "1753"]
[BlackElo "2115"]
[PlyCount "42"]
[EventDate "2018.02.23"]
[EventType "swiss"]
[EventRounds "6"]
[EventCountry "BRA"]
[SourceTitle "CBM 183 Extra"]
[Source "ChessBase"]
[SourceDate "2018.04.19"]
[SourceVersion "1"]
[SourceVersionDate "2018.04.19"]
[SourceQuality "1"]

1. Nf3 d5 2. g3 Nf6 3. Bg2 c6 4. 0-0 Bf5 5. b3 e6 6. Bb2 Be7 7. d3 0-0 8. Nbd2 h6 9. Re1 a5 10. a4 Nbd7 11. e4 Bh7 12. e5 Ne8 13. Qe2 Nc7 14. Rac1 f6 15. d4 fxe5 16. Nxe5 Nxe5 17. dxe5 Bc5 18. Rf1 Na6 19. c3 Qb6 20. Bh3 Rae8 21. Kg2 Rf7 0-1

[Event "Brazil AXPG op 1st"]
[Site "Ponta Grossa"]
[Date "2017.10.29"]
[Round "6"]
[White "Lahoz, Cassiano Ricardo Ne"]
[Black "Silva, Kaua Marques"]
[Result "0-1"]
[WhiteElo "1824"]
[BlackElo "1726"]
[PlyCount "110"]
[EventDate "2017.10.26"]
[EventType "swiss"]
[EventRounds "7"]
[EventCountry "BRA"]
[SourceTitle "CBM 181 Extra"]
[Source "ChessBase"]
[SourceDate "2017.12.12"]
[SourceVersion "1"]
[SourceVersionDate "2017.12.12"]
[SourceQuality "1"]

1. e4 c5 2. Nc3 Nc6 3. g3 d6 4. Bg2 g6 5. d3 Bg7 6. Be3 Nf6 7. h3 Bd7 8. Nge2 0-0 9. 0-0 Ne8 10. Qd2 Nd4 11. f4 e6 12. Nd1 Rb8 13. c3 Nxe2+ 14. Qxe2 Qc7 15. Nf2 f5 16. exf5 exf5 17. Rfd1 Bc6 18. d4 Bxg2 19. Kxg2 b6 20. Qf3 Nf6 21. Re1 Rfe8 22. Bd2 c4 23. Rxe8+ Rxe8 24. Re1 Rxe1 25. Bxe1 d5 26. g4 Ne4 27. Nxe4 fxe4 28. Qe3 Qd7 29. Bg3 a5 30. a3 Bf8 31. Bh4 Kf7 32. Kf2 b5 33. Qd2 b4 34. axb4 axb4 35. cxb4 Qa4 36. f5 Qxb4 37. fxg6+ hxg6 38. Qxb4 Bxb4 39. Ke3 Bd6 40. Bf2 g5 41. Kd2 Bf4+ 42. Kc3 Ke6 43. b3 cxb3 44. Kxb3 Kd6 45. Kc3 Ke7 46. Kb4 Bd2+ 47. Kc5 Ke6 48. h4 gxh4 49. Bxh4 e3 50. Bg5 Bc1 51. Kb4 e2 52. Bh4 Bd2+ 53. Kc5 e1Q 54. Bxe1 Bxe1 55. g5 Bf2 0-1

[Event "Santa Catarina op"]
[Site "Icara"]
[Date "2017.07.01"]
[Round "5"]
[White "De Souza, Lucio Teixeira"]
[Black "Lahoz, Cassiano Ricardo Ne"]
[Result "0-1"]
[WhiteElo "1800"]
[BlackElo "1830"]
[PlyCount "128"]
[EventDate "2017.06.29"]
[EventType "swiss"]
[EventRounds "7"]
[EventCountry "BRA"]
[SourceTitle "CBM 179 Extra"]
[Source "ChessBase"]
[SourceDate "2017.08.23"]
[SourceVersion "1"]
[SourceVersionDate "2017.08.23"]
[SourceQuality "1"]

1. d4 d5 2. c4 c6 3. e3 Nf6 4. Nc3 e6 5. Qc2 Nbd7 6. Nf3 Be7 7. Bd3 dxc4 8. Bxc4 c5 9. 0-0 cxd4 10. exd4 0-0 11. Re1 Nb6 12. Bb3 h6 13. a3 Nbd5 14. Bd2 b6 15. Nxd5 Nxd5 16. Bxd5 Qxd5 17. Re5 Qd8 18. Rh5 f5 19. Re1 Qe8 20. Rh3 Bf6 21. Qc4 Qf7 22. Ne5 Bxe5 23. Rxe5 Bd7 24. f4 Rac8 25. Qd3 Bc6 26. Bc3 Be4 27. Qg3 Kh7 28. Rb5 Qd7 29. Re5 Rf6 30. Qe3 Qa4 31. Qe2 Rg6 32. Rg3 Rxg3 33. hxg3 Qd7 34. Qb5 Qf7 35. Qe2 Bd5 36. Re3 Rf8 37. Bb4 Rc8 38. Bc3 Qg6 39. Kf2 Qf7 40. Kg1 Qc7 41. Qh5 g6 42. Qe2 h5 43. Kh2 Be4 44. Qb5 Bd5 45. Qe2 Rh8 46. Qe1 Qc6 47. Kg1 Re8 48. Qe2 Be4 49. Kh2 Qa4 50. Kg1 Qb3 51. Kh2 Qa2 52. Qe1 Qd5 53. Qe2 Rc8 54. Kg1 a5 55. Kh2 b5 56. Qe1 Bxg2 57. Rxe6 Be4 58. Re5 Qb3 59. Qd2 b4 60. axb4 axb4 61. Rc5 Rxc5 62. dxc5 bxc3 63. Qd7+ Kh6 64. Kg1 cxb2 0-1

[Event "Santa Catarina op"]
[Site "Icara"]
[Date "2017.06.30"]
[Round "3"]
[White "Dos Santos, Haroldo Cunha Jr"]
[Black "Lahoz, Cassiano Ricardo Ne"]
[Result "1-0"]
[WhiteElo "2174"]
[BlackElo "1830"]
[PlyCount "87"]
[EventDate "2017.06.29"]
[EventType "swiss"]
[EventRounds "7"]
[EventCountry "BRA"]
[SourceTitle "CBM 179 Extra"]
[Source "ChessBase"]
[SourceDate "2017.08.23"]
[SourceVersion "1"]
[SourceVersionDate "2017.08.23"]
[SourceQuality "1"]

1. d4 d5 2. Nf3 Nf6 3. Bf4 Bf5 4. c4 e6 5. Qb3 Qc8 6. Nc3 c6 7. e3 Nbd7 8. Be2 Be7 9. h3 h6 10. Rc1 dxc4 11. Bxc4 Nb6 12. Be2 Qd8 13. 0-0 0-0 14. Rfd1 Bd6 15. Ne5 Qe7 16. a4 Rac8 17. a5 Nbd5 18. Nxd5 Nxd5 19. Bh2 f6 20. Nd3 Bxh2+ 21. Kxh2 Bxd3 22. Bxd3 Kh8 23. g3 f5 24. Bf1 g5 25. Bg2 Rf7 26. Kg1 Rcf8 27. a6 bxa6 28. Rxc6 f4 29. e4 fxg3 30. fxg3 Nc7 31. Qe3 Rf2 32. Rd2 Rxd2 33. Qxd2 Qd7 34. d5 Rf7 35. Qc3+ Kg8 36. d6 Nb5 37. Qc5 e5 38. Qd5 Qe8 39. Bf1 Kg7 40. Bxb5 axb5 41. Rc7 Rxc7 42. dxc7 Qc8 43. Qxe5+ Kf7 44. Qf5+ 1-0

[Event "Curitiba IEP&Copel op"]
[Site "Curitiba"]
[Date "2017.05.14"]
[Round "5"]
[White "Lahoz, Cassiano Ricardo Ne"]
[Black "Ribeiro, Regina"]
[Result "1/2-1/2"]
[WhiteElo "1780"]
[BlackElo "1999"]
[PlyCount "27"]
[EventDate "2017.05.12"]
[EventType "swiss"]
[EventRounds "6"]
[EventCountry "BRA"]
[SourceTitle "CBM 178 Extra"]
[Source "ChessBase"]
[SourceDate "2017.06.22"]
[SourceVersion "1"]
[SourceVersionDate "2017.06.22"]
[SourceQuality "1"]

1. Nf3 Nf6 2. g3 b6 3. Bg2 Bb7 4. 0-0 e6 5. d3 d5 6. Nbd2 Nbd7 7. Re1 Be7 8. b3 c5 9. e4 0-0 10. Bb2 d4 11. a4 a6 12. Qe2 Qc7 13. Rac1 e5 14. Nh4 1/2-1/2

[Event "Florianopolis zt 2.4"]
[Site "Florianopolis"]
[Date "2017.04.29"]
[Round "5"]
[White "Lahoz, Cassiano Ricardo Ne"]
[Black "Dos Santos, Haroldo Cunha Jr"]
[Result "0-1"]
[WhiteElo "1780"]
[BlackElo "2209"]
[PlyCount "78"]
[EventDate "2017.04.26"]
[EventType "swiss"]
[EventRounds "9"]
[EventCountry "BRA"]
[SourceTitle "CBM 178 Extra"]
[Source "ChessBase"]
[SourceDate "2017.06.22"]
[SourceVersion "1"]
[SourceVersionDate "2017.06.22"]
[SourceQuality "1"]

1. Nf3 d5 2. g3 c5 3. Bg2 Nc6 4. 0-0 e5 5. d3 Nf6 6. Nbd2 h6 7. h3 Be6 8. e4 Bd6 9. exd5 Bxd5 10. Re1 0-0 11. Ne4 Re8 12. Nh4 Nxe4 13. dxe4 Be6 14. Be3 Bf8 15. Qe2 Nd4 16. Bxd4 cxd4 17. Nf3 Qc7 18. Rec1 Bc4 19. Qd1 Qb6 20. Ne1 Qxb2 21. Rcb1 Qa3 22. Rxb7 Reb8 23. Rab1 Rxb7 24. Rxb7 Qa6 25. Rb1 Bxa2 26. Ra1 Qe6 27. Nd3 Bc4 28. f4 f6 29. f5 Qb6 30. Rb1 Qc7 31. Ne1 a5 32. g4 a4 33. Nf3 a3 34. h4 a2 35. Ra1 Ba3 36. g5 Bb2 37. gxh6 Bxa1 38. Qxa1 Rb8 39. Nd2 Qb7 0-1

[Event "Parana-ch"]
[Site "Pirai do Sul"]
[Date "2017.02.01"]
[Round "1"]
[White "Fier, Alexandr"]
[Black "Lahoz, Cassiano Ricardo Ne"]
[Result "1-0"]
[WhiteElo "2581"]
[BlackElo "1774"]
[PlyCount "57"]
[EventDate "2017.02.01"]
[EventType "swiss"]
[EventRounds "8"]
[EventCountry "BRA"]
[SourceTitle "CBM 176 Extra"]
[Source "ChessBase"]
[SourceDate "2017.03.02"]
[SourceVersion "1"]
[SourceVersionDate "2017.03.02"]
[SourceQuality "1"]

1. e4 e5 2. f4 exf4 3. Nf3 Be7 4. Bc4 Nf6 5. e5 Ng4 6. 0-0 Nc6 7. d4 d5 8. Be2 g5 9. c3 Bf5 10. Nxg5 Nxh2 11. Rxf4 Bxg5 12. Rxf5 Bxc1 13. Qxc1 Qh4 14. Rh5 Qe4 15. Qd1 Rg8 16. Rxh2 0-0-0 17. Qd3 Qf4 18. Nd2 Rg3 19. Nf3 Rdg8 20. Rf1 Qg4 21. Ne1 Qg5 22. Qf5+ Qxf5 23. Rxf5 Re3 24. Kf2 Reg3 25. Rxf7 Nd8 26. Rfxh7 Ne6 27. Bf3 Ng5 28. Kxg3 Nxh7+ 29. Bg4+ 1-0

[Event "Caioba Telecom op"]
[Site "Caioba"]
[Date "2016.08.27"]
[Round "4"]
[White "Lahoz, Cassiano Ricardo Ne"]
[Black "Sztokbant, Bernardo Vainzoff"]
[Result "0-1"]
[WhiteElo "1740"]
[BlackElo "2161"]
[PlyCount "80"]
[EventDate "2016.08.26"]
[EventType "swiss"]
[EventRounds "6"]
[EventCountry "BRA"]
[SourceTitle "CBM 174 Extra"]
[Source "ChessBase"]
[SourceDate "2016.10.10"]
[SourceVersion "1"]
[SourceVersionDate "2016.10.10"]
[SourceQuality "1"]

1. e4 e5 2. Nf3 Nc6 3. Bb5 a6 4. Ba4 Nf6 5. d3 b5 6. Bb3 Be7 7. c3 0-0 8. 0-0 d6 9. h3 Na5 10. Bc2 c5 11. Re1 Nc6 12. Bg5 h6 13. Bh4 Bd7 14. Nbd2 Nh7 15. Bxe7 Nxe7 16. Nf1 Ng6 17. d4 Nf6 18. dxe5 dxe5 19. a4 Bc6 20. axb5 axb5 21. Ng3 Qc7 22. Nf5 Rfd8 23. Rxa8 Bxa8 24. Qa1 Bb7 25. g3 Ra8 26. Qb1 Ne7 27. Nxe7+ Qxe7 28. Nh4 Qe6 29. Kh2 Bc8 30. Nf5 g6 31. Nxh6+ Kg7 32. Ng4 Nxg4+ 33. hxg4 Qxg4 34. Rh1 Qf3 35. Kg1 Bb7 36. Qc1 Bxe4 37. Qh6+ Kf6 38. Qh4+ Ke6 39. Qxe4 Ra1+ 40. Kh2 Rxh1# 0-1